10 longest mountain ranges in the world - Statistics

General Stats
  • This quiz has been taken 333 times
  • The average score is 4 of 10
Answer Stats
Continent Length (km) Mountain range % Correct
1 South America 7242 Andes
99%
2 North America 6035 Rocky Mountains
95%
3 Asia 3862 Himalayas
86%
4 Australasia 3621 Great Dividing Range
41%
10 Asia 2012 Altai
18%
5 Antarctica 3541 Trans Antarctic
13%
8 Asia 2253 Tien Shan
10%
7 Asia 2897 Sumatran Range
3%
6 South America 3058 Brazilian East Coast Range
2%
9 Asia 2092 Estern Ghats
1%
No matching quizzes found
Score Distribution
Percent of People with Each Score
Percentile by Number Answered
Your Score History
You have not taken this quiz